000 01222nam0a2200325 4500
001 RU\NLR\bibl\64073
005 20250616092619.0
021 _aRU
_b99-40329
_91992
035 _a(NLR Aleph) 000062520
090 _a341263
_c341263
100 _a19991216d1999 |||y0rusy50 ca
101 0 _arus
_deng
102 _aRU
105 _aa |||||||||
200 1 _aИзменение высоты орбиты ИСЗ силой светового давления
_fН.Н. Щербакова, В.В. Сазонов
210 _aМ.
_cИПМ
_d1999
215 _a25 с.
_cил.
_d21
225 1 _aПрепринт
_fРос. акад. наук, Ин-т прикл. математики им. М.В. Келдыша
_vN°21
300 _aРез. на англ. яз.
320 _aБиблиогр.: с. 17-18 (9 назв.)
606 0 _aИскусственные спутники Земли
_xОрбиты
_91206075
_3RU\NLR\auth\66488967
686 _aО643.1-015.4
700 1 _aЩербакова
_bН. Н.
_4070
701 1 _aСазонов
_bВ. В.
_4070
801 0 _aRU
_bNLR
_c19991216
_gPSBO
801 1 _aRU
_bNLR
_c19991216
852 _aNLR
_j99-4/8486
942 _cBOOK
980 _aNB